000 00460pab a2200169 454500
008 180718b2014 xxu||||| |||| 00| 0 eng d
100 _aShankar, V. Kalyan
245 _aMatch-fixing in Hyderabad: Engineer brides, software grooms and negotiated matrimonies
260 _c2014
300 _ap.131-138.
362 _a31 May
650 _aMarriage
700 _aSahni, Rohini
773 _aEconomic and Political Weekly
908 _aN
909 _a104445
999 _c104441
_d104441